000 00319nam a2200121Ia 4500
005 20260326100030.0
008 260326s9999||||xx |||||||||||||| ||und||
100 _aVásquez C., Guillermo
245 0 _aCien Edificios de Sevilla /
_cGuillermo Vásquez C.
260 _bCOT
650 _aARQUITECTURA REGIONAL
942 _cBK
999 _c6586
_d6586